000 00817nam a2200253 i 4500
001 bg
100 1 _aJEŻ, Piotr
245 1 0 _aTablice do obliczeń hydraulicznych :
_bpomoc dydaktyczna /
_cPiotr Jeż, Krzysztof W. Książyński, Zofia Gręplowska ; Politechnika Krakowska im. Tadeusza Kościuszki.
260 _aKraków :
_bPK,
_c2000.
300 _a67 s., [1]k.tabl.złoż. :
_brys., wykr. ;
_c24 cm.
504 _aBibliogr. s. 67.
650 9 _aHydraulika
655 _aTablice i wzory
700 1 _aKSIĄŻYŃSKI, Krzysztof W.
700 1 _aGRĘPLOWSKA, Zofia
710 0 _aPolitechnika Krakowska im. Tadeusza Kościuszki
020 _a8372421161
040 _cBPK
041 0 _apl
080 _a532.5(083)
920 _a83-7242-116-1
942 _cKS
008 s pl f |000 0 pol
999 _c38861
_d38861
856 _uhttp://koha.tu.koszalin.pl/cgi-bin/koha/opac-detail.pl?biblionumber=38861
_yKatalog online BPK